000 00468nam a2200157 4500
001 121822
003 ES-MaACL
005 20230906191832.0
007 t|
008 070214s1970 sp r ||||1| spa d
100 1 _aPortuondo, Juan A.
_993303
245 1 3 _aEl psicodiagnóstico de Rorschach en psicología clínica /
_cpor Juan A. Portuondo.
260 _aMadrid :
_bBiblioteca Nueva,
_c1970.
300 _a468 p. ;
_c25 cm.
852 _aES-MaACL
_jC-37831
_bR.74415
999 _c121822
_d121822